[Event "Berkeley International"]
[Site "Berkeley"]
[Date "2011.01.06"]
[Round "8"]
[White "Bachmann, Axel"]
[Black "Sipos, Istvan"]
[Result "1/2-1/2"]
[WhiteElo "2548"]
[BlackElo "2409"]
[PlyCount "81"]
[EventDate "2011.01.02"]
[EventRounds "10"]
[EventCountry "USA"]
[SourceDate "2011.01.03"]

1. e4 c6 2. d4 d5 3. e5 Bf5 4. Nf3 e6 5. Be2 c5 6. Be3 Qb6 7. Nc3 Nc6 8. Na4
Qa5+ 9. c3 c4 10. O-O b5 11. Nc5 Bxc5 12. dxc5 Nge7 13. Nd4 Nxd4 14. Bxd4 Nc6
15. g4 Bg6 16. f4 Be4 17. f5 b4 18. Qc1 bxc3 19. bxc3 Rb8 20. fxe6 fxe6 21. Qf4
Rb7 22. Rf2 Bg6 23. Qe3 Qa3 24. h4 Rf8 25. Rxf8+ Kxf8 26. h5 Bb1 27. Bd1 Qb2
28. Qf2+ Qxf2+ 29. Bxf2 Ke7 30. Ba4 Kd7 31. Be3 Kc7 32. Kf2 Rb2+ 33. Kg3 a5 34.
a3 Rb8 35. Bd2 Rb2 36. Bc1 Rb8 37. Be3 Ne7 38. Bg5 Nc6 39. Be3 Kd7 40. Bf4 Kc7
41. Be3 1/2-1/2

[Event "Berkeley International"]
[Site "Berkeley"]
[Date "2011.01.06"]
[Round "8"]
[White "Coleman, Teddy"]
[Black "Yanayt, Eugene"]
[Result "0-1"]
[WhiteElo "2282"]
[BlackElo "2218"]
[PlyCount "76"]
[EventDate "2011.01.02"]
[EventRounds "10"]
[EventCountry "USA"]
[SourceDate "2011.01.03"]

1. d4 Nf6 2. c4 g6 3. Nc3 Bg7 4. e4 d6 5. Nge2 O-O 6. f3 c5 7. d5 e6 8. Ng3
exd5 9. cxd5 a6 10. a4 Nbd7 11. Be2 h5 12. Bg5 Qc7 13. O-O Nh7 14. Be3 h4 15.
Nh1 f5 16. Qd2 Ne5 17. f4 Nf7 18. Nf2 Bd7 19. Rfc1 Rfe8 20. Bf3 b6 21. Rab1 Nf6
22. b4 fxe4 23. Ncxe4 Bxa4 24. bxc5 dxc5 25. Nxf6+ Bxf6 26. Ng4 Bg7 27. Bd4
Bxd4+ 28. Qxd4 Re1+ 29. Rxe1 cxd4 30. Re6 Bc2 31. Rbxb6 Qxf4 32. Rbc6 Bf5 33.
Nf6+ Kh8 34. Re7 d3 35. Kf1 d2 36. Ke2 Qd4 37. Kd1 Qa4+ 38. Kxd2 Qb4+ 0-1

[Event "Berkeley International"]
[Site "Berkeley"]
[Date "2011.01.06"]
[Round "8"]
[White "Cornejo, Max"]
[Black "Carreto Nieto, Giovanni"]
[Result "1/2-1/2"]
[WhiteElo "2413"]
[BlackElo "2231"]
[PlyCount "116"]
[EventDate "2011.01.02"]
[EventRounds "10"]
[EventCountry "USA"]
[SourceDate "2011.01.03"]

1. e4 c5 2. Nf3 Nc6 3. c3 Nf6 4. e5 Nd5 5. d4 cxd4 6. cxd4 d6 7. Bc4 Nb6 8. Bb5
dxe5 9. Nxe5 Bd7 10. Nxd7 Qxd7 11. Nc3 Rd8 12. O-O e6 13. Bg5 Be7 14. Bxe7 Qxe7
15. Qf3 O-O 16. Bxc6 bxc6 17. Ne2 c5 18. Qa3 Rd5 19. Rac1 Rc8 20. Rc2 e5 21.
dxe5 Rxe5 22. Nc3 Rd8 23. Qa6 h6 24. g3 Rd4 25. a4 Qd7 26. a5 Na4 27. Qb5 Nxc3
28. Qxd7 Rxd7 29. Rxc3 c4 30. Ra1 Rdd5 31. Rxc4 Rxa5 32. Rd1 Re2 33. Rd8+ Kh7
34. Rf4 f5 35. b4 Rb5 36. Rd7 a5 37. bxa5 Rxa5 38. h4 h5 39. Rb4 Ra1+ 40. Kg2
Raa2 41. Rf4 Re5 42. Rf7 Kg6 43. Rf8 Ra6 44. Rb4 Rf6 45. Rxf6+ Kxf6 46. Rb6+
Re6 47. Rb4 Ra6 48. Kf3 Rc6 49. Kf4 Ra6 50. Rb8 Ra4+ 51. Kf3 g6 52. Rb6+ Kf7
53. Ke3 Kg7 54. Rd6 Kf7 55. Rd4 Ra6 56. Kf4 Kf6 57. Rb4 Rc6 58. Ra4 Rb6 1/2-1/2

[Event "Berkeley International"]
[Site "Berkeley"]
[Date "2011.01.06"]
[Round "8"]
[White "Evans, Bela"]
[Black "Amanov, Zhanibek"]
[Result "1/2-1/2"]
[WhiteElo "2262"]
[BlackElo "2421"]
[PlyCount "124"]
[EventDate "2011.01.02"]
[EventRounds "10"]
[EventCountry "USA"]
[SourceDate "2011.01.03"]

1. e4 Nf6 2. e5 Nd5 3. d4 d6 4. c4 Nb6 5. exd6 cxd6 6. Nc3 g6 7. Bd3 Bg7 8.
Nge2 O-O 9. O-O Nc6 10. d5 Ne5 11. b3 a5 12. Be3 a4 13. Bc2 axb3 14. axb3 Rxa1
15. Qxa1 Ng4 16. Bd2 Nd7 17. h3 Nh6 18. Qc1 Nf5 19. Bxf5 gxf5 20. Bh6 Ne5 21.
Rd1 Bxh6 22. Qxh6 Kh8 23. Qe3 Qa5 24. Qd4 f6 25. f4 Ng6 26. Qe3 Bd7 27. h4 h5
28. Nd4 Ra8 29. Nc2 Qc7 30. Rd2 Kg7 31. g3 Kf7 32. Kf2 Ra6 33. Nd4 Qb6 34. Qd3
Ra1 35. Kg2 Qc5 36. Nd1 Qa5 37. Ne3 Rc1 38. Ne2 Ra1 39. Nc3 Rc1 40. Rc2 Ra1 41.
Rb2 Qa7 42. Qd2 Qb6 43. Ned1 Ra8 44. Kh2 Ra3 45. b4 Kg7 46. Ne3 Ra1 47. Ra2
Rxa2 48. Nxa2 Nh8 49. b5 Nf7 50. Nc1 Nh6 51. Kg2 Ng4 52. Nxg4 fxg4 53. Qe2 Kf8
54. Qe4 Qa5 55. Kf2 Qd2+ 56. Ne2 f5 57. Qd4 Qxd4+ 58. Nxd4 Ke8 59. Ke3 b6 60.
Kd3 Kd8 61. Kc3 Ke8 62. Kb4 Bc8 1/2-1/2

[Event "Berkeley International"]
[Site "Berkeley"]
[Date "2011.01.06"]
[Round "8"]
[White "Gareev, Timur"]
[Black "Van Wely, Loek"]
[Result "1/2-1/2"]
[WhiteElo "2605"]
[BlackElo "2676"]
[PlyCount "80"]
[EventDate "2011.01.02"]
[EventRounds "10"]
[EventCountry "USA"]
[SourceDate "2011.01.03"]

1. d4 Nf6 2. Nf3 d5 3. c4 e6 4. Nc3 dxc4 5. e4 Bb4 6. Bg5 c5 7. e5 cxd4 8. Nxd4
Qa5 9. exf6 Bxc3+ 10. bxc3 Qxg5 11. fxg7 Qxg7 12. Qd2 O-O 13. Bxc4 Rd8 14. Qe3
Bd7 15. O-O Nc6 16. Nf3 Ne7 17. Ne5 Ng6 18. f4 Nxe5 19. fxe5 Bc6 20. Rf2 Rd7
21. Re1 Rad8 22. Be2 Rd2 23. Bh5 Rxf2 24. Qxf2 Rd3 25. Rf1 Kh8 26. Qf6 Qxf6 27.
exf6 Kg8 28. Rd1 Be4 29. Kf2 Rxd1 30. Bxd1 h6 31. h4 Kh7 32. Ke3 Bxg2 33. Bh5
Kg8 34. Kd4 Kf8 35. Ke5 Ke8 36. Kd6 Bd5 37. a3 Bg2 38. Ke5 Bd5 39. Kd6 Bg2 40.
Ke5 Bd5 1/2-1/2

[Event "Berkeley International"]
[Site "Berkeley"]
[Date "2011.01.06"]
[Round "8"]
[White "Ginsburg, Mark"]
[Black "Kuljasevic, Davorin"]
[Result "1/2-1/2"]
[WhiteElo "2393"]
[BlackElo "2545"]
[PlyCount "35"]
[EventDate "2011.01.02"]
[EventRounds "10"]
[EventCountry "USA"]
[SourceDate "2011.01.03"]

1. e4 e6 2. d4 d5 3. Nc3 Nf6 4. Bg5 dxe4 5. Nxe4 Be7 6. Bxf6 Bxf6 7. Nf3 Nd7 8.
Qe2 O-O 9. O-O-O Be7 10. Ne5 Nf6 11. Nxf6+ Bxf6 12. f4 Bd7 13. Qf3 Bc6 14. Nxc6
bxc6 15. Qxc6 Bxd4 16. c3 Be3+ 17. Kc2 Qf6 18. g3 1/2-1/2

[Event "Berkeley International"]
[Site "Berkeley"]
[Date "2011.01.06"]
[Round "8"]
[White "Haessel, Dale R"]
[Black "Shivaji, Shivkumar"]
[Result "1/2-1/2"]
[WhiteElo "2198"]
[BlackElo "2303"]
[Annotator "Shivkumar"]
[PlyCount "184"]
[EventDate "2011.01.02"]
[EventRounds "10"]
[EventCountry "USA"]
[SourceDate "2011.01.03"]

1. d4 d5 2. Nf3 Nf6 3. c4 e6 4. Nc3 Be7 5. Bg5 h6 6. Bh4 dxc4 7. e3 O-O 8. Bxc4
c5 9. Ne5 cxd4 10. exd4 Nd5 11. Bxd5 Bxh4 12. Bf3 Nd7 13. O-O Nb6 14. Qe2 Rb8
15. Rac1 a6 16. Rfd1 Nd5 17. Nxd5 exd5 18. Rc5 Be6 19. Ng6 Re8 20. Nxh4 Qxh4
21. Qd2 b6 22. Rc6 Bg4 23. Qf4 Qe7 24. h3 Bxf3 25. Qxf3 Qe2 26. Qb3 Rbc8 27.
Rcc1 b5 28. Rc5 a5 29. Rdc1 Rxc5 30. dxc5 d4 31. Rd1 a4 (31... Rc8 $5 32. Qd3
Qxd3 33. Rxd3 Rxc5 34. Rxd4 Rc1+ 35. Kh2 Rc2 $17) 32. Qd3 Qxb2 33. Qxd4 Re1+
34. Kh2 Qxd4 35. Rxd4 Rc1 36. Rd5 Kf8 37. c6 Rxc6 38. Rxb5 Rc2 39. Ra5 Rxa2 40.
Ra7 Ra3 $2 (40... g5 $1) 41. h4 g5 $6 42. hxg5 hxg5 43. g4 Kg7 44. Ra6 Ra2 45.
Kg3 Ra1 46. Ra5 Kg6 47. Ra6+ Kg7 48. Kf3 f6 49. Ke4 Kg6 50. Kf3 Kf7 51. Kg2 a3
52. Kh2 Ke7 53. Kg2 a2 54. Kh2 Kd7 55. Kg2 Kc7 56. Ra8 Kc6 57. Ra6+ Kc5 58. Ra8
Kd4 59. Ra4+ Kc5 60. Ra8 Kb4 61. Rb8+ Kc5 62. Ra8 Kd5 63. Ra5+ Ke4 64. Ra4+ Ke5
65. Ra5+ Kd4 66. Ra4+ Kc5 67. Ra8 Kc6 68. Ra3 Kb5 69. Ra8 Kb4 70. Rb8+ Kc3 71.
Ra8 Kd2 72. Rd8+ Ke1 73. Re8+ Kd1 74. Rd8+ Ke2 75. Ra8 Kd2 76. Rd8+ Kc1 77.
Rc8+ Kd2 78. Rd8+ Ke2 79. Re8+ Kd3 80. Ra8 Ke4 81. Ra4+ Kd3 82. Ra8 Kd4 83.
Ra4+ Kc5 84. Ra8 Kb6 85. Ra3 Kb7 86. Ra4 Kc8 87. Ra7 Kb8 88. Ra3 Kb7 89. Ra4
Kb6 90. Ra3 Kc5 91. Ra8 Kd6 92. Ra6+ Kc7 1/2-1/2

[Event "Berkeley International"]
[Site "Berkeley"]
[Date "2011.01.06"]
[Round "8"]
[White "Kleinman, Michael"]
[Black "Lobo, Richard"]
[Result "1-0"]
[WhiteElo "2127"]
[BlackElo "2262"]
[PlyCount "105"]
[EventDate "2011.01.02"]
[EventRounds "10"]
[EventCountry "USA"]
[SourceDate "2011.01.03"]

1. e4 e5 2. Nf3 Nc6 3. Bb5 a6 4. Ba4 Nf6 5. O-O Be7 6. Re1 b5 7. Bb3 d6 8. c3
O-O 9. a3 Na5 10. Bc2 c5 11. d4 Qc7 12. b4 Nc6 13. d5 Nd8 14. a4 Rb8 15. axb5
axb5 16. Nbd2 Ne8 17. Nf1 g6 18. Ng3 Ng7 19. bxc5 dxc5 20. Bh6 f6 21. h3 Nf7
22. Bd2 Bd7 23. c4 b4 24. Ba4 Ra8 25. Bxd7 Qxd7 26. Qb3 Qb7 27. Ne2 Ra7 28.
Rxa7 Qxa7 29. Bc1 Ra8 30. Bb2 Nd6 31. Nd2 Nge8 32. Ra1 Qb7 33. Rxa8 Qxa8 34. f4
Nf7 35. Nf3 Bd6 36. g3 Nc7 37. Kg2 Qa6 38. Nc1 exf4 39. Bxf6 fxg3 40. e5 Bf8
41. Qa2 Qb7 42. Kxg3 Ne8 43. Nd3 Nxf6 44. exf6 Bd6+ 45. Kg2 Qc8 46. Qe2 Qa8 47.
Qe6 h6 48. Nfe5 Bxe5 49. Nxe5 Qa2+ 50. Kg3 Qb3+ 51. Kh4 g5+ 52. Kh5 Qd1+ 53.
Ng4 1-0

[Event "Berkeley International"]
[Site "Berkeley"]
[Date "2011.01.06"]
[Round "8"]
[White "Manvelyan, Hayk"]
[Black "Gutman, Joshua"]
[Result "0-1"]
[WhiteElo "2158"]
[BlackElo "2124"]
[PlyCount "128"]
[EventDate "2011.01.02"]
[EventRounds "10"]
[EventCountry "USA"]
[SourceDate "2011.01.03"]

1. e4 c5 2. Nc3 Nc6 3. g3 g6 4. Bg2 Bg7 5. d3 d6 6. f4 Nf6 7. Nf3 O-O 8. O-O
Rb8 9. h3 b5 10. g4 b4 11. Ne2 Nd7 12. Ng3 Qb6 13. Kh1 Ba6 14. Qe1 Nd4 15. Nxd4
Bxd4 16. Ne2 Bg7 17. Rb1 c4 18. d4 Bb7 19. Be3 f5 20. gxf5 gxf5 21. Ng3 fxe4
22. Nxe4 Qb5 23. Rg1 Qf5 24. Nf2 Bxg2+ 25. Rxg2 Kh8 26. Rg5 Qf7 27. Qe2 Bf6 28.
Rh5 Rg8 29. Ne4 d5 30. Ng5 Bxg5 31. fxg5 Rbf8 32. Bd2 a5 33. Rh6 Rg6 34. Rxg6
hxg6 35. Re1 Qf5 36. Kg2 Qxc2 37. Rf1 Rxf1 38. Kxf1 Qf5+ 39. Kg1 e6 40. h4 Kg8
41. Be1 Kf7 42. Bg3 a4 43. Qd1 b3 44. axb3 axb3 45. Qa1 Qg4 46. Kh2 Qxd4 47.
Qa4 Qxb2+ 48. Kh3 Ke8 49. Qc6 Qe2 50. Bd6 Qf3+ 51. Kh2 Qf2+ 52. Kh3 Qb6 53.
Qa8+ Kf7 54. Ba3 b2 55. Qh8 Qe3+ 56. Kg2 Qe5 57. Qd8 Qe2+ 58. Kh3 Qf3+ 59. Kh2
Qxa3 60. Qxd7+ Qe7 61. Qb5 Qc7+ 62. Kh3 c3 63. h5 Kg7 64. h6+ Kh7 0-1

[Event "Berkeley International"]
[Site "Berkeley"]
[Date "2011.01.06"]
[Round "8"]
[White "Naroditsky, Daniel"]
[Black "Pruess, David"]
[Result "1-0"]
[WhiteElo "2419"]
[BlackElo "2377"]
[PlyCount "75"]
[EventDate "2011.01.02"]
[EventRounds "10"]
[EventCountry "USA"]
[SourceDate "2011.01.03"]

1. e4 c6 2. d4 d5 3. e5 Bf5 4. c4 e6 5. Nc3 Nd7 6. Nf3 Ne7 7. Bg5 h6 8. Bh4 g5
9. Bg3 Bg6 10. h4 Nf5 11. hxg5 Nxg3 12. fxg3 Nb6 13. c5 Nc4 14. Qc1 b6 15. b3
Na5 16. Na4 bxc5 17. Nxc5 Qb6 18. Kf2 Nb7 19. Na4 Qc7 20. gxh6 Rb8 21. Qf4 Qa5
22. Be2 Qb4 23. Rac1 Nd8 24. Nc5 Qa3 25. Qf6 Rh7 26. Ng5 Qb2 27. Rcd1 Rxh6 28.
Rxh6 Bxh6 29. Ngxe6 Nxe6 30. Nxe6 Bd2 31. Qh8+ Ke7 32. Qxb8 fxe6 33. Qd6+ Kf7
34. Qd7+ Kf8 35. Qd8+ Kg7 36. Qf6+ Kh7 37. Rh1+ Bh6 38. Qf4 1-0

[Event "Berkeley International"]
[Site "Berkeley"]
[Date "2011.01.06"]
[Round "8"]
[White "Pamatmat, Jarod John Munda"]
[Black "Uesugi, Shinsaku"]
[Result "1-0"]
[WhiteElo "2100"]
[BlackElo "2331"]
[PlyCount "55"]
[EventDate "2011.01.02"]
[EventRounds "10"]
[EventCountry "USA"]
[SourceDate "2011.01.03"]

1. d4 e6 2. c4 f5 3. Nc3 Nf6 4. e3 Be7 5. Bd3 O-O 6. Qc2 d6 7. Nge2 g6 8. f3 c5
9. d5 Na6 10. a3 e5 11. e4 f4 12. Bd2 Bd7 13. O-O-O Nh5 14. Rdf1 Nc7 15. g3 g5
16. Rfg1 Ng7 17. h4 h6 18. hxg5 hxg5 19. gxf4 gxf4 20. Nxf4 Bf6 21. Nh5 Nce8
22. Bh6 Rf7 23. Qh2 Kf8 24. Nxf6 Nxf6 25. Bxg7+ Rxg7 26. Qh8+ Rg8 27. Rxg8+
Nxg8 28. Rg1 1-0

[Event "Berkeley International"]
[Site "Berkeley"]
[Date "2011.01.06"]
[Round "8"]
[White "Ravichandran, Siddharth"]
[Black "Almeida, Alfonso S"]
[Result "0-1"]
[WhiteElo "2458"]
[BlackElo "2356"]
[PlyCount "50"]
[EventDate "2011.01.02"]
[EventRounds "10"]
[EventCountry "USA"]
[SourceDate "2011.01.03"]

1. e4 c5 2. Nf3 d6 3. d4 cxd4 4. Nxd4 Nf6 5. Nc3 g6 6. Be3 Bg7 7. Be2 O-O 8.
Qd2 Nc6 9. O-O-O Ng4 10. Bxg4 Bxg4 11. f3 Bd7 12. Nxc6 bxc6 13. Bh6 Bh8 14.
Bxf8 Kxf8 15. f4 Bg4 16. e5 Bxd1 17. Rxd1 Kg8 18. Na4 Qb8 19. exd6 exd6 20.
Qxd6 Qb5 21. Qa3 Re8 22. g3 Bf6 23. Qb3 Qe2 24. Qb7 Qe3+ 25. Kb1 Qd2 0-1

[Event "Berkeley International"]
[Site "Berkeley"]
[Date "2011.01.06"]
[Round "8"]
[White "Rensch, Daniel"]
[Black "Friedel, Joshua E"]
[Result "0-1"]
[WhiteElo "2393"]
[BlackElo "2508"]
[PlyCount "98"]
[EventDate "2011.01.02"]
[EventRounds "10"]
[EventCountry "USA"]
[SourceDate "2011.01.03"]

1. e4 e5 2. Nf3 Nc6 3. d4 exd4 4. Nxd4 Nf6 5. Nxc6 bxc6 6. e5 Qe7 7. Qe2 Nd5 8.
c4 Nb6 9. Nc3 Qe6 10. Qe4 g6 11. Bg5 Bg7 12. f4 O-O 13. O-O-O d6 14. c5 Nd5 15.
Rxd5 cxd5 16. Nxd5 Bb7 17. Bc4 dxe5 18. Re1 Kh8 19. fxe5 Rab8 20. Re3 Rfe8 21.
Qf3 Ba6 22. Bb3 Qc6 23. Bf6 Re6 24. Rc3 Bxf6 25. Nxf6 Qxf3 26. gxf3 Rxe5 27. c6
Re1+ 28. Kd2 Re2+ 29. Kc1 Rxh2 30. a3 Bb5 31. Bd5 Kg7 32. Ne4 Rh5 33. Rc5 Bd3
34. Nc3 Rh2 35. b4 h5 36. Bb3 Re8 37. Rd5 Re1+ 38. Nd1 Bf5 39. Rd7 Be6 40. Bxe6
Rxe6 41. Rxc7 Rhe2 42. b5 R6e5 43. a4 Rc5+ 44. Kb1 Rd2 45. Ne3 h4 46. Rd7 Re2
47. Rd5 Rxd5 48. Nxd5 h3 49. Nf4 h2 0-1

[Event "Berkeley International"]
[Site "Berkeley"]
[Date "2011.01.06"]
[Round "8"]
[White "Santic, Berislav"]
[Black "Kavutskiy, Konstantin"]
[Result "0-1"]
[WhiteElo "2259"]
[BlackElo "2170"]
[PlyCount "100"]
[EventDate "2011.01.02"]
[EventRounds "10"]
[EventCountry "USA"]
[SourceDate "2011.01.03"]

1. e4 e6 2. d3 d5 3. Nd2 c5 4. Ngf3 Nf6 5. g3 g6 6. Bg2 Bg7 7. O-O O-O 8. Re1
Nc6 9. a4 b6 10. c3 e5 11. exd5 Nxd5 12. Nc4 f6 13. Nfd2 Nce7 14. Qb3 Be6 15.
f4 Bf7 16. fxe5 fxe5 17. Ne4 Nc7 18. Qc2 h6 19. a5 Nf5 20. axb6 axb6 21. Rxa8
Nxa8 22. Qe2 b5 23. Ne3 Qb8 24. Kh1 Nc7 25. Rf1 Be6 26. g4 Ne7 27. Rxf8+ Kxf8
28. Qf2+ Kg8 29. g5 h5 30. Nc2 Na6 31. b4 Qd8 32. Nf6+ Kh8 33. Be4 cxb4 34.
cxb4 Bf5 35. Bb2 Bxe4+ 36. dxe4 Nc6 37. Bc3 Qd3 38. Be1 Qc4 39. Ne3 Qc1 40. Ne8
Naxb4 41. Nxg7 Nd3 42. Qf8+ Kh7 43. Ne6 Qxe1+ 44. Kg2 Qe2+ 45. Kh1 Nf2+ 46. Kg1
Nh3+ 47. Kh1 Qe1+ 48. Kg2 Qg1+ 49. Kxh3 Qxe3+ 50. Kg2 Qe2+ 0-1

[Event "Berkeley International"]
[Site "Berkeley"]
[Date "2011.01.06"]
[Round "8"]
[White "Troff, Kayden"]
[Black "Rumph, Todd"]
[Result "1-0"]
[WhiteElo "2247"]
[BlackElo "2165"]
[PlyCount "60"]
[EventDate "2011.01.02"]
[EventRounds "10"]
[EventCountry "USA"]
[SourceDate "2011.01.03"]

1. d4 d5 2. c4 dxc4 3. e4 e5 4. Nf3 exd4 5. Bxc4 Nc6 6. O-O Be6 7. Bxe6 fxe6 8.
Qb3 Qd7 9. Qxb7 Rb8 10. Qa6 Nf6 11. Nbd2 Bd6 12. b3 O-O 13. Bb2 Kh8 14. Rac1
Rb6 15. Qa4 Bf4 16. Rc4 Rd8 17. g3 Bd6 18. Rfc1 Nb4 19. Bxd4 Qxa4 20. bxa4 c5
21. Bxc5 Bxc5 22. Rxc5 Nxa2 23. Rc8 Rbd6 24. Rxd8+ Rxd8 25. Rc7 g5 26. Rf7 Ng4
27. Nc4 Nc1 28. Nxg5 Ne2+ 29. Kg2 Rc8 30. Nxe6 Kg8 1-0

[Event "Berkeley International"]
[Site "Berkeley"]
[Date "2011.01.06"]
[Round "8"]
[White "Yang, Darwin"]
[Black "Holt, Conrad"]
[Result "1/2-1/2"]
[WhiteElo "2421"]
[BlackElo "2388"]
[PlyCount "112"]
[EventDate "2011.01.02"]
[EventRounds "10"]
[EventCountry "USA"]
[SourceDate "2011.01.03"]

1. d4 d5 2. c4 c6 3. Nc3 dxc4 4. e3 b5 5. a4 b4 6. Na2 e6 7. Bxc4 Nf6 8. Nf3
Bb7 9. O-O Be7 10. Bd2 a5 11. Nc1 O-O 12. Nb3 Nbd7 13. Qe2 c5 14. Rfd1 Qb6 15.
Be1 Rfd8 16. Rac1 Bc6 17. Bb5 Bxb5 18. axb5 Ne4 19. Nfd2 Nxd2 20. Rxd2 Rdb8 21.
Rdc2 Qxb5 22. Qxb5 Rxb5 23. Nxc5 b3 24. Rc4 Nb6 25. R4c3 a4 26. Kf1 a3 27. bxa3
Bxc5 28. Rxc5 b2 29. Rb1 Rb3 30. Rc2 Rbxa3 31. Rcxb2 Nd7 32. Rb7 R3a7 33. Ke2
h6 34. Bc3 Nf6 35. Rxa7 Rxa7 36. f3 Nd5 37. Bd2 f5 38. g3 Ra2 39. Rc1 Kf7 40.
Kd3 Ra3+ 41. Ke2 Ra2 42. Rc5 Ke7 43. h4 Kd7 44. Kd1 Ra3 45. Ke2 Ra2 46. Ke1 Ra3
47. e4 fxe4 48. fxe4 Nf6 49. Bf4 Ra7 50. d5 Nxe4 51. dxe6+ Ke7 52. Re5 Ra4 53.
Ke2 g5 54. hxg5 hxg5 55. Be3 Nxg3+ 56. Kf3 Ne4 1/2-1/2

[Event "Berkeley International"]
[Site "Berkeley"]
[Date "2011.01.06"]
[Round "8"]
[White "Yankovsky, Roman"]
[Black "Collins, Sam"]
[Result "1-0"]
[WhiteElo "2359"]
[BlackElo "2436"]
[PlyCount "63"]
[EventDate "2011.01.02"]
[EventRounds "10"]
[EventCountry "USA"]
[SourceDate "2011.01.03"]

1. e4 c5 2. Nf3 Nc6 3. d4 cxd4 4. Nxd4 e5 5. Nb5 a6 6. Nd6+ Bxd6 7. Qxd6 Qf6 8.
Qd1 Qg6 9. Nc3 d5 10. Nxd5 Qxe4+ 11. Be3 Nd4 12. Nc7+ Ke7 13. Rc1 Bg4 14. Qd3
Qxd3 15. Bxd3 Rd8 16. f4 Kd6 17. c3 Nc6 18. Bb6 exf4 19. O-O Nf6 20. c4 Ne5 21.
c5+ Kd7 22. Bc2 Rc8 23. h3 Be2 24. Rfe1 f3 25. Ba4+ Nc6 26. gxf3 Bxf3 27. Re3
Bh5 28. Rce1 Rcd8 29. Nxa6 Rde8 30. Nb8+ Kc8 31. Nxc6 Rxe3 32. Na7+ 1-0

[Event "Berkeley International"]
[Site "Berkeley"]
[Date "2011.01.06"]
[Round "8"]
[White "Zilberstein, Dmitry"]
[Black "Panchanathan, Magesh"]
[Result "1/2-1/2"]
[WhiteElo "2386"]
[BlackElo "2537"]
[PlyCount "99"]
[EventDate "2011.01.02"]
[EventRounds "10"]
[EventCountry "USA"]
[SourceDate "2011.01.03"]

1. d4 Nf6 2. c4 e6 3. Nf3 b6 4. Nc3 Bb4 5. e3 Bb7 6. Bd3 Ne4 7. O-O Nxc3 8.
bxc3 Bxc3 9. Rb1 d6 10. Ba3 Ba5 11. c5 O-O 12. cxd6 cxd6 13. Qc2 h6 14. Bh7+
Kh8 15. Be4 Qd7 16. Ne5 dxe5 17. Bxb7 Qxb7 18. Bxf8 exd4 19. Bb4 Bxb4 20. Rxb4
dxe3 21. fxe3 Na6 22. Qe4 Rb8 23. Qxb7 Rxb7 24. Rc4 f6 25. a4 Rd7 26. a5 Rd6
27. Rb1 Kh7 28. Rc8 bxa5 29. Ra8 Rd7 30. Ra1 Nb4 31. Rc8 Rd3 32. Rxa5 a6 33.
Rc4 Nd5 34. Re4 e5 35. Kf2 Nc3 36. Rc4 Rd2+ 37. Kf1 Nd5 38. Ke1 Nxe3 39. Rc3
Rd1+ 40. Ke2 Rd5 41. Rxd5 Nxd5 42. Rc5 Nf4+ 43. Kf3 Kg6 44. Ra5 h5 45. g3 Ne6
46. Rxa6 Kf5 47. Ra7 g6 48. Ra6 Nd8 49. Rb6 Nf7 50. h3 {drawn at move 84}
1/2-1/2

[Event "Berkeley International"]
[Site "Berkeley"]
[Date "2011.01.07"]
[Round "9"]
[White "Abrahamyan, Tatev"]
[Black "Yang, Darwin"]
[Result "1-0"]
[WhiteElo "2327"]
[BlackElo "2421"]
[PlyCount "57"]
[EventDate "2011.01.02"]
[EventRounds "10"]
[EventCountry "USA"]
[SourceDate "2011.01.03"]

1. e4 e6 2. d4 d5 3. e5 c5 4. c3 Nc6 5. Nf3 Nh6 6. Bd3 cxd4 7. cxd4 Nf5 8. Bxf5
exf5 9. Nc3 Be6 10. O-O Be7 11. a3 O-O 12. Qd3 g5 13. Nxg5 Bxg5 14. Qg3 f4 15.
Bxf4 h6 16. h4 Nxd4 17. hxg5 Nf5 18. Qg4 Ng7 19. Qh4 Rc8 20. Qxh6 Rc4 21. g6
fxg6 22. Bg5 Qd7 23. Bf6 Rf7 24. Rad1 Qc6 25. Rd3 Rg4 26. Ne2 Qc4 27. Rfd1 Re4
28. Nd4 Bd7 29. Nf3 1-0

[Event "Berkeley International"]
[Site "Berkeley"]
[Date "2011.01.07"]
[Round "9"]
[White "Almeida, Alfonso S"]
[Black "Kuljasevic, Davorin"]
[Result "0-1"]
[WhiteElo "2356"]
[BlackElo "2545"]
[PlyCount "98"]
[EventDate "2011.01.02"]
[EventRounds "10"]
[EventCountry "USA"]
[SourceDate "2011.01.03"]

1. d4 d5 2. c4 c6 3. Nf3 Nf6 4. Nc3 dxc4 5. a4 Bf5 6. Ne5 Nbd7 7. Nxc4 Nb6 8.
Ne5 a5 9. f3 Nfd7 10. e4 Nxe5 11. dxe5 Qxd1+ 12. Kxd1 Be6 13. Kc2 Nd7 14. f4 g6
15. Be3 f6 16. exf6 exf6 17. b3 O-O-O 18. Rd1 Bc5 19. Bxc5 Nxc5 20. Bc4 Bxc4
21. bxc4 Rhe8 22. Rxd8+ Rxd8 23. Rd1 Rxd1 24. Kxd1 Nd3 25. f5 Nb2+ 26. Ke2 Nxc4
27. fxg6 hxg6 28. h4 Ne5 29. Ke3 Kd7 30. Kf4 Ke6 31. g4 g5+ 32. hxg5 Ng6+ 33.
Ke3 fxg5 34. Kd4 Ne5 35. Kc5 Nd7+ 36. Kd4 Ne5 37. Kc5 Nxg4 38. Kb6 Ne5 39. Kxb7
Kd6 40. Ne2 g4 41. Kb6 Nc4+ 42. Kb7 Kc5 43. Kc7 Ne5 44. Ng3 Kc4 45. Kd6 Kd4 46.
Ke6 c5 47. Kf5 c4 48. Kf4 Kd3 49. Kxe5 c3 0-1

[Event "Berkeley International"]
[Site "Berkeley"]
[Date "2011.01.07"]
[Round "9"]
[White "Amanov, Zhanibek"]
[Black "Kleinman, Michael"]
[Result "1-0"]
[WhiteElo "2421"]
[BlackElo "2127"]
[PlyCount "119"]
[EventDate "2011.01.02"]
[EventRounds "10"]
[EventCountry "USA"]
[SourceDate "2011.01.03"]

1. e4 c5 2. Nf3 d6 3. d4 cxd4 4. Nxd4 Nf6 5. Nc3 g6 6. Bc4 Bg7 7. O-O O-O 8.
Re1 Nc6 9. Nb3 b6 10. Nd5 Nd7 11. c3 e6 12. Ne3 Qc7 13. Bf1 Nc5 14. f3 f5 15.
exf5 gxf5 16. f4 Ne4 17. Nc2 Bb7 18. Bd3 Ne7 19. Ncd4 Rf6 20. Nb5 Qd7 21. Bxe4
Bxe4 22. Nxd6 Bd5 23. Nc4 Qb7 24. Ne3 Be4 25. Nd2 Rg6 26. Nxe4 Qxe4 27. Rf1 Nd5
28. Qf3 Nf6 29. Qxe4 Nxe4 30. Rd1 a5 31. Nc2 a4 32. a3 Bf8 33. Be3 Bc5 34. Rd3
Kg7 35. Re1 Ra7 36. Nd4 Kf6 37. Nf3 Rag7 38. Re2 Rg4 39. Bxc5 bxc5 40. Ne5 Rxf4
41. Nd7+ Ke7 42. Nb6 Kf6 43. Nxa4 Rb7 44. Rf3 e5 45. Rxf4 exf4 46. b4 Ra7 47.
Nxc5 Nxc5 48. bxc5 Rxa3 49. Rc2 Ra5 50. Kf2 Rxc5 51. c4 Ke5 52. Kf3 Ra5 53. c5
Ra3+ 54. Kf2 Ke4 55. c6 Ra8 56. c7 Rc8 57. Rc1 h5 58. h4 f3 59. gxf3+ Kf4 60.
Rc5 1-0

[Event "Berkeley International"]
[Site "Berkeley"]
[Date "2011.01.07"]
[Round "9"]
[White "Bojkov, Dejan"]
[Black "Naroditsky, Daniel"]
[Result "0-1"]
[WhiteElo "2544"]
[BlackElo "2419"]
[PlyCount "162"]
[EventDate "2011.01.02"]
[EventRounds "10"]
[EventCountry "USA"]
[SourceDate "2011.01.03"]

1. e4 c5 2. c3 Nf6 3. e5 Nd5 4. d4 cxd4 5. Nf3 Nc6 6. cxd4 d6 7. Bc4 Nb6 8. Bb5
dxe5 9. Nxe5 Bd7 10. Nxd7 Qxd7 11. Nc3 e6 12. O-O Be7 13. Qg4 O-O 14. Bxc6 bxc6
15. Bh6 Bf6 16. Rfd1 e5 17. Qxd7 Nxd7 18. dxe5 Nxe5 19. Ne4 Be7 20. Bf4 Ng6 21.
Bc7 f5 22. Nd6 Nf4 23. Nc4 Nd5 24. Be5 a5 25. Rac1 Bg5 26. Rb1 Rfe8 27. g3 f4
28. Rd4 fxg3 29. hxg3 Bf6 30. Bxf6 Nxf6 31. Rc1 Rab8 32. Rc2 c5 33. Rdd2 a4 34.
Kg2 Re4 35. Ne3 Rd4 36. Re2 Rdb4 37. a3 Rb3 38. Nc4 Rd8 39. Re6 Rdb8 40. Rd2 h5
41. Ra6 Rf8 42. Re6 (42. Rxa4 Ng4 43. f4 h4) 42... Ng4 43. Ree2 h4 44. gxh4 Rf4
45. h5 $4 Rxc4 46. Rd8+ Kf7 47. Rd7+ Kf6 48. Rd6+ Kg5 49. Rg6+ Kxh5 50. Rxg7
Kh6 51. Rg8 Nf6 52. Rc8 Kg6 53. Rc6 Kf5 54. Rd2 Rb5 55. Rdd6 Rg4+ 56. Kf1 Ne4
57. Rd5+ Kf4 58. Rc7 Rg6 59. Rf7+ Rf6 60. Rh7 Rf5 61. Rh4+ Kg5 62. Rxf5+ Kxf5
63. f3 Ng5 64. Rxa4 Rxb2 65. Rc4 Ne6 66. Ke1 Ke5 67. Kd1 Kd5 68. Rh4 Nd4 69. f4
c4 70. Rh3 Rf2 71. a4 Nb3 72. a5 Kd4 73. Ke1 Ra2 74. a6 Rxa6 75. f5 c3 76. Rh4+
Kd3 77. Rh3+ Kc4 78. Rh4+ Nd4 79. f6 Re6+ 80. Kd1 c2+ 81. Kd2 Re2+ 0-1